| 000 | 01373nam a2200409 i 4500 | ||
|---|---|---|---|
| 001 | 1284 | ||
| 003 | KOSZ 005 | ||
| 005 | 20190719095146.0 | ||
| 008 | 981230s1985 pl a f f |000 0 pol | ||
| 015 | _aPB 1985/3219 | ||
| 020 | _a8301063122 | ||
| 035 | _a(OCoLC)830192939 | ||
| 040 |
_aWA N _cWA N _dKOSZ 005/HR |
||
| 041 | 0 | _apol | |
| 046 | _k1976 | ||
| 080 | _a534 | ||
| 080 | _a(075.8+076) | ||
| 100 | 1 |
_aWoroszył, Stanisław _eAutor |
|
| 245 | 1 | 0 |
_aPrzykłady i zadania z teorii drgań : _b[skrypt dla studentów wyższych szkół technicznych]. _nCz. 1, _pUkłady dyskretne / _cStanisław Woroszył. |
| 250 | _aWyd. 3. | ||
| 260 |
_aWarszawa ; _aŁódź : _bPańst. Wydaw. Naukowe, _c1984 [i.e.] 1985. |
||
| 300 |
_a371, [4] s. : _brys., wykr. ; _c24 cm. |
||
| 336 |
_2rdacontent _aTekst _btxt |
||
| 337 |
_2rdamedia _aBez urządzenia pośredniczącego _bn |
||
| 338 |
_2rdacarrier _aWolumin _bnc |
||
| 380 | _aKsiążki | ||
| 380 | _aPublikacje dydaktyczne | ||
| 385 |
_mPoziom nauczania _aSzkoły wyższe |
||
| 388 | _a1901-2000 | ||
| 388 | _a1945-1989 | ||
| 504 | _aBibliogr. s. [373]. | ||
| 658 | _aFizyka i astronomia | ||
| 650 | 4 | _aDrgania | |
| 655 | 4 | _aĆwiczenia i zadania dla szkół wyższych | |
| 856 |
_uhttp://koha.tu.koszalin.pl/cgi-bin/koha/opac-detail.pl?biblionumber=1284 _yKatalog online BPK |
||
| 942 |
_2UKD _cKS |
||
| 999 |
_c1284 _d1284 |
||